00536nam a22001697a 450000500170000001000150001702000260003203500140005803700090007208200170008110000230009824500980012125000060021926000500022527000710027530000200034620241104125209.0 aENG-142492 a9789386689580c995.00 aEN-126024 bDBAD a305.4095421 aRamaswamy, Sushila aWomen in Political Thought: bThe Quest for Gender Equality and Beyond/cBy Sushila Ramaswamy a1 aHyderabadbOrient Blackswan Private Ltdc2018 a3-6-752, Himayatnagar bHyderabade500029minfo@orintblackswan.com a393p.c22cm(hb)